000 00522nam a22001697a 4500
005 20251108164017.0
008 250721s2000 xx 000 0 ara d
082 1 4 _a575.1/عبي
100 1 _aالعبيدي، إياد محمد علي
245 1 0 _aالهندسة الوراثية المتقدمة :
_bالأسس و التطبيقات /
264 1 _aعمان :
_bدار المسيرة،
_c2000.
300 _a324ص
650 1 7 _aعلم الوراثة
650 1 7 _aالهندسة
942 _2ddc
_cBK
999 _c1335
_d1335